000 04715nam a22004935a 4500
005 2010030401381.0
010 _aB-362686-699 B-461421-425
020 _a9788129114761
_c395.00
035 _aB-362686-699 B-461421-425
037 _bUBH
037 _bVirtuous Pub/Ven
082 _a954.11
100 _aMarwah, Ved
_951575
245 _aIndia in turmoil :
_bJammu & Kashmir, the Northeast and left extremism /
_cby Ved Marwah ; foreword by Pratap Bhanu Mehta
260 _aNew Delhi
_bRupa & Co.
_c2009
270 _a7/16, Ansari Road, Daryaganj,
_bNew Delhi
_e110002
300 _axii, 352 p. ;
_c24 cm(Hb)
500 _aIncludes index
650 _aInternal security
_zIndia.
_951576
650 _aInsurgency
_zIndia.
_951577
650 _aTerrorism
_zIndia.
_951578
942 _2ddc
_cEN
_h954.11
_mMAR
999 _c34371
_d34371